Curiosités géographiques - Statistiques

Statistiques générales
  • Ce quiz a été pris 21 fois
  • Le résultat moyen est 5 sur 16
Statistiques - réponses
Par images Réponse % Correct
Etretat
70%
Chichen itza
55%
Baie d'Halong
50%
Palais du facteur cheval
50%
Parc national de Sequoia
50%
Angkor Wat
45%
Grand canyon
45%
La chaussée des géants
45%
La porte de l'enfer
35%
Chateau de Neuschwanstein
30%
Lourdes
25%
Ile de Socotra
20%
Valle de los caidos
10%
Lac Hillier
5%
L'oeil de la terre
5%
Mont Roraima
5%
Aucun quiz correspondant
Distribution des résultats
% des personnes avec chaque résultat
Percentile par nombre de réponses
Votre historique - résultats
Vous n’avez pas pris ce quiz